Guess the Billie Eilish lyrics (6) - Statistics

General Stats
  • This quiz has been taken 871 times
  • The average score is 143 of 266
Answer Stats
Answer % Correct
I
98%
a
93%
you
92%
You
92%
the
87%
The
87%
me
82%
be
79%
to
79%
Don't
75%
don't
75%
when
74%
my
72%
your
71%
I'm
68%
on
67%
what
67%
in
66%
And
65%
and
65%
know
64%
so
63%
go
61%
it
61%
of
61%
that
61%
Was
59%
was
59%
we're
57%
could
55%
Could
55%
for
55%
You're
55%
they
53%
They
53%
need
52%
saw
51%
say
51%
afraid
49%
can
49%
But
48%
but
48%
I'll
46%
just
46%
Just
46%
call
45%
wanna
45%
at
43%
get
43%
meant
43%
right
43%
would
43%
wife
41%
cops
40%
diner
40%
eat
40%
lookin'
40%
life
39%
make
39%
car
38%
change
38%
kiss
38%
leave
38%
you'll
38%
corner
37%
into
37%
this
37%
feet
36%
fight
36%
stop
36%
talk
36%
around
35%
Bet
35%
bet
35%
kitchen
35%
please
35%
somethin'
35%
back
34%
goodnight
34%
If
34%
left
33%
time
33%
calling
32%
here
32%
waitin'
32%
came
31%
card
31%
screens
31%
all
30%
now
30%
something
30%
They'll
30%
easy
29%
told
29%
block
28%
clock
28%
'til
28%
tried
28%
better
27%
getting
27%
landed
27%
waited
27%
letter
26%
with
26%
another
25%
hope
25%
off
25%
read
25%
write
25%
through
24%
up
24%
sitter
23%
come
22%
crazy
22%
number
22%
him
21%
away
20%
knocked
20%
dollar
19%
save
19%
thousand
18%
bail
17%
couldn't
17%
failed
17%
someone
17%
stopped
17%
jail
16%
memorized
16%
250
15%
discrete
15%
visit
15%
bring
14%
else
14%
happens
14%
mail
14%
sleep
14%
While
14%
end
13%
veil
13%
one
12%
No matching quizzes found
Score Distribution
Percent of People with Each Score
Percentile by Number Answered
Your Score History
You have not taken this quiz